000 00908nam a2200253Ia 4500
003 OSt
005 20220923212626.0
006 a|||||r|||| 00| 0
007 ta
008 220922b |||||||| |||| 00| 0 hin d
024 _a154,649
037 _cTextual
040 _aARTS
_cARTS
_bhin
041 _2hin
_ahin
082 _aO157,1M61:g, 152L2
100 _aमिश्र, रामेश्वर दयाल
245 0 _aआधुनिक हिन्दी कविता और रवीन्द्र
246 _aĀdhunik hindī kavitā aur ravīndra
260 _aदिल्ली
_b प्रभात प्रकाशन
_c1972
300 _a326 पृ.
_ccm.
650 _aबंगाली साहित्य
_9156264
942 _hO157,1M61:g, 152L2
_cTEXL
_2CC
999 _c310271
_d310271